5HLuxD.jpg

KING HENRY VIII SENIOR AND PRIMARY SCHOOL LIBRARY OPAC

WARRIORS THUNDER RISING (Record no. 5862)

000 -LEADER
fixed length control field 00771nam a22001937a 4500
005 - DATE AND TIME OF LATEST TRANSACTION
control field 20251119161659.0
008 - FIXED-LENGTH DATA ELEMENTS--GENERAL INFORMATION
fixed length control field 251119b ||||| |||| 00| 0 eng d
020 ## - INTERNATIONAL STANDARD BOOK NUMBER
International Standard Book Number 9780062410016
040 ## - CATALOGING SOURCE
Transcribing agency KH8
082 ## - DEWEY DECIMAL CLASSIFICATION NUMBER
Classification number 813.6 HUN
100 ## - MAIN ENTRY--PERSONAL NAME
Personal name HUNTER,ERIN
Relator term AUTHOR
245 ## - TITLE STATEMENT
Title WARRIORS THUNDER RISING
260 ## - PUBLICATION, DISTRIBUTION, ETC.
Place of publication, distribution, etc. 195 Broadway,New York,NY 10007
Name of publisher, distributor, etc. HarperCollins Publishers
Date of publication, distribution, etc. ©2013
300 ## - PHYSICAL DESCRIPTION
Extent 384 pages
Other physical details illustration
Dimensions 13 cm x 19 cm
520 ## - SUMMARY, ETC.
Summary, etc. "The cats from the mountains completed their journey and have settled in the forest at the end of the sun trail. But tensions have reached a breaking point--and a young cat named Thunder is caught helplessly in the middle"--
650 ## - SUBJECT ADDED ENTRY--TOPICAL TERM
Source of heading or term Juvenile Fiction
Topical term or geographic name entry element Cats
655 ## - INDEX TERM--GENRE/FORM
Source of term Juvenile Fiction
Genre/form data or focus term Fantasy
942 ## - ADDED ENTRY ELEMENTS (KOHA)
Source of classification or shelving scheme
Koha item type Books - Fiction
Holdings
Withdrawn status Lost status Source of classification or shelving scheme Damaged status Not for loan Collection code Permanent Location Current Location Shelving location Date acquired Total Checkouts Full call number Barcode Date last seen Date last checked out Price effective from Koha item type Public note
          Fiction KH8 Primary School Library KH8 Primary School Library Fiction 2025-11-19 1 813.6 HUN KHPL000007246 2026-03-04 2026-02-25 2025-11-19 Books - Fiction PRIMARY LIBRARY

Powered By KH8 IT Dept